Untersuchung zur Konzentrationsentwicklung in verschiedenen Untersektoren der Papier- und Pappeindustrie in Deutschland
Saved in:
| Format: | Book |
|---|---|
| Language: | Undetermined |
| Published: |
Luxembourg
Amt für Amtl. Veröffentlichungen d. Europ. Gemeinschaften ; Köln : Verl Bundesanzeiger [
1976
|
| Subjects: | |
| Tags: |
Add Tag
No Tags, Be the first to tag this record!
|
| Institutions: | Trung tâm Học liệu Trường Đại học Cần Thơ |
|---|
| LEADER | 00628nam a2200157Ia 4500 | ||
|---|---|---|---|
| 001 | CTU_84451 | ||
| 008 | 210402s9999 xx 000 0 und d | ||
| 082 | |a 338.4 | ||
| 082 | |b U61 | ||
| 245 | 0 | |a Untersuchung zur Konzentrationsentwicklung in verschiedenen Untersektoren der Papier- und Pappeindustrie in Deutschland | |
| 260 | |a Luxembourg | ||
| 260 | |b Amt für Amtl. Veröffentlichungen d. Europ. Gemeinschaften ; Köln : Verl Bundesanzeiger [ | ||
| 260 | |c 1976 | ||
| 650 | |a Industrial concentration,Paper industry,Paperboard industry | ||
| 904 | |i Qhieu(sửa) | ||
| 980 | |a Trung tâm Học liệu Trường Đại học Cần Thơ | ||